000 00417nam a2200181Ia 4500
001 21203
005 20260306172902.0
008 260306t2015||||xx |||||||||||||| ||spa||
041 _aESP
082 _a344.2
_bP26
100 _aPariona Arana, Raul
_eAUT
245 0 _aImputación objetiva
260 _c2015
300 _a174 pƔginas :
_c24 cm.
650 _aGEN
654 _aCDE
942 _cLIB
_dJUS
_fJUS
_2ddc
_n
999 _c21203
_d21203